000 00691nam a2200181Ia 4500
008 100921s9999 xx 000 0 und d
082 _b4460
_a301 थ 57
100 _aजावडेकर शंकर दत्तात्रय.
245 _aसमाजवाद व सर्वोदय.
260 _bसुलभ राष्ट्रीय ग्रंथमाला,पुणे.
_c1957
300 _a147
_b---
365 _b2.5
520 _aसमाजशास्त्र.
630 _aसमाजवाद व सर्वोदय.
650 _aसमाजशास्त्र.
730 _aसमाजवाद व सर्वोदय.
942 _cBOOK
999 _c753573
_d753570